00992 a2200181 4500003000500000005001700005010001600022020001500038040000900053082001800062100002500080245008500105250001100190260005900201300004500260505048200305650002300787Nust20221124114032.0 a 95032597 a0130515183 cNust00a519.40285,NAK1 aNakamura, Shoichiro,10aNumerical analysis and graphic visualization with MATLAB / cShoichiro Nakamura. a2nd ed aUpper Saddle River, N.J. :bPrentice Hall PTR,cc1996. axi, 477 p. :bill. (some col.) ;c25 cm. aMATLAB Primer (Page-1), Graphics with MATLAB (Page-50), Linear Algebra (Page-110), Polynomials and Interpolation (Page-161), Numerical Integration (Page-205), Numerical Differentiation (Page-250), Roots of Nonlinear Equations (Page-279), Curve Fitting to Measured Data (Page-309), Spline Functions ad Nonlinear Interpolation (Page-324), Initial Value Problems of Ordinary Differential Equations (Page-351), Boundary Value Problems of Ordinary Differential Equations (Page-414). 0aComputer graphics.